| 000 | 00955nam a22002417a 4500 | ||
|---|---|---|---|
| 999 |
_c17997 _d17997 |
||
| 003 | AR-CdUCM | ||
| 008 | 190511b ||||| |||| 00| 0 spa d | ||
| 040 |
_aMUNICIPALIDAD PROVINCIAL DEL CUSCO _cBIBLIOTECA MUNICIPAL DEL CUSCO |
||
| 041 | _heng | ||
| 082 |
_22ed. _a371 / _bD65 |
||
| 100 |
_aDewey, John _96029 |
||
| 245 |
_aEl niño y el programa escolar : _bmi credo pedagógico / |
||
| 260 |
_aBuenos Aires : _bLosada, _c1948. |
||
| 300 |
_a143 páginas ; _c19 cm. |
||
| 440 |
_aBiblioteca del Maestro. _n12 _938313 |
||
| 505 | _aContenido: La pedagogía de John Dewye por L. Luzuriaga -- El niño y el programa escolar -- Mi credo pedagógico -- Principios generales de organización pedagógica -- Algunos aspectos de la educación moderna ... | ||
| 650 |
_aEducación _9460 |
||
| 650 |
_aFilosofía _9395 |
||
| 650 |
_aPedagogía _91560 |
||
| 700 |
_aLuzuriaga, Lorenzo (traducción) _930660 |
||
| 942 |
_2ddc _cLIBROS |
||
| 945 |
_aachl _d2019-05-11 |
||